000 00367nam a2200145Ia 4500
008 240729s9999 xx 000 0 und d
022 _a2958-3179
245 0 _aCrossings
260 _aBangladesh
260 _bULAB Press
650 _aLanguage and Literature
856 _uhttps://doaj.org/toc/1c28f8fe932641e3a4c236a46ca5e323
942 _2ddc
942 _cDOAJEJ
999 _c72595
_d72595
945 _a1
_bMadushi Gamage
_c1
_dMadushi Gamage